000 00817nam a22002297a 4500
999 _c10843
_d10843
003 AR-CdUCM
008 190402b ||||| |||| 00| 0 spa d
040 _aMUNICIPALIDAD PROVINCIAL DEL CUSCO
_cBIBLIOTECA MUNICIPAL DEL CUSCO
082 _aES / 373.460 /
_bJ73
100 _aJordan Morales, Sofía
_927893
245 _aLenguaje y comunicación :
_bCuarto grado de secundaria /
260 _aLima :
_bEditorial San Marcos.
300 _a266 páginas :
_bFotografías, ilustraciones,
_c23 cm.
440 _aColección Lexicom
_927894
505 _aContenido: Literatura, Lenguaje y comunicación.
650 _aCuaderno de trabajo
_911620
650 _aLenguaje
_93528
650 _aTexto de lengua y comunicación
_927895
700 _aCarneiro Figueroa, Miguel
_927896
942 _2ddc
_cLIBROS
945 _adavv